01128na a2200301 450000100060000000300080000600500170001400800410003102000180007203500100009004000250010004100080012508200180013324500800015124600440023126000600027530000250033549000360036049000530039650001250044965000320057465000290060665000320063565000510066765000480071870000160076674000440078223311MIRAKIL20181213154852.0170907b tu 000 0  a9786053994886 a13141 aMilasbturcTR-AnCHP atur a306bK94 2017 aKültür politikaları ve yönetimi byıllık 2016cderleyen Serhan Ada aKültürün bağımsız cumhuriyeti aİstanbulbİstanbul Üniversitesi Yayınlarıc2017 a189 s.bres.c24 sm. aKültürel İncelemeler v16 aİstanbul Bilgi Üniversitesi yayınlarıv596 aDış kapakta adı: Kültür politikaları ve yönetimi (KPY) yıllık 2016: Kültürün bağımsız cumhuriyeti aKültürel çeşitlilik aKültürel incelemeler aModern sanaty21. yüzyıl aKültür politikalarıxYönetimzTürkiye aKültür politikalarıxYönetimzAvrupa aAda, Serhan aKültürün bağımsız cumhuriyeti